Statistics for Avatar Characters by Screen Time

Click here to take the quiz!

General Stats

  • This quiz has been taken 129 times
  • The average score is 10 of 16

Answer Stats

Characters% Correct
Jake Sully
100%
Neytiri
87%
Lo'ak
77%
Kiri
72%
Grace Augustine
70%
Miles Quaritch
68%
Spider
68%
Neteyam
66%
Tuktirey
66%
Norm Spellman
59%
Mo'at
53%
Tsireya
49%
Tsu'tey
46%
Trudy Chacón
40%
Lyle Wainfleet
27%
Eytucan
3%

Score Distribution

Percentile by Number Answered

Percent of People with Each Score

Your Score History

You have not taken this quiz